000 00846nab a2200253 u 4500
001 10607
003 HDC
007 cr bn ---aaaaa
008 210205c20130517my dr|nes 0 a may d
040 _aHDC
100 _aShahrizan Salian,
_eauthor
_98378
245 0 _aKawal selia kukuh kewangan Islam /
_cby Shahrizan Salian
260 _aKuala Lumpur :
_bNew Straits Times Press (M) Bhd.,
_c2013
336 _atext
_2rdacontent
337 _acomputer
_2rdamedia
338 _aonline resource
_2rdacarrier
650 _aBank and banking
_97656
650 _aIslamic banking
_9270
710 _aBerita Harian
856 _zRequest full-text at [email protected]
942 _2lcc
942 _cNEWS
942 _kNWSC 003874
999 _c7930
_d7930